| 000 | 00801nam a22002417a 4500 | ||
|---|---|---|---|
| 999 |
_c12422 _d12422 |
||
| 003 | AR-CdUCM | ||
| 008 | 190408b ||||| |||| 00| 0 spa d | ||
| 020 | _a968-39-0103-4 | ||
| 040 |
_aMUNICIPALIDAD PROVINCIAL DEL CUSCO _cBIBLIOTECA MUNICIPAL DEL CUSCO |
||
| 082 |
_aES / 869.813 / _bQ69 |
||
| 100 |
_aQuiroga Horacio _917014 |
||
| 245 | _aLa Abeja Haragana / | ||
| 260 |
_aMéxico : _bEdilin ; _c1985. |
||
| 300 |
_a28 páginas ; _bIlustraciones, mapa plegable _c25cm |
||
| 505 | _aContenido: Cuento | ||
| 650 |
_aCuento _94671 |
||
| 650 |
_aLiteratura Uruguaya _915526 |
||
| 700 |
_aSandoval Zarauz, Enrique _930266 |
||
| 700 |
_aUrrutia de Stevelski, Cristina _930267 |
||
| 710 |
_aSecretaria de Educación Pública _917942 |
||
| 942 |
_2ddc _cLIBROS |
||
| 945 |
_anom _d2019-04-08 |
||